00938nam a2200265Ia 450000100060000000300090000600800410001504000130005604000130006904100130008210000110009510000290010624500610013524500610019625000110025726000120026826000350028026000490031530000430036450001480040765000350055565000310059070000220062170000290064353109IT-RoPAU130308s9999 xx 000 0 und d aIT-RoPAU cIT-RoPAU aITALIANO aAA.VV. gCodice Aut. SPICS: 12000 aEmporium e l'istituto italiano d'arti grafiche 1895-1915 bEmporium e L'Istituto Italiano d'arti grafiche 1895-1915 a1a ed. aBERGAMO bNuovo Ist. It. D'Arti Grafiche c1985 [1° Ed.:1985 - Ed.Ling.Originale:1985] a"304 p. (prefazione: no ; testo: 304)" aUna rivista un Editore Novant'Anni della rivista Emporium Istituto Italiano d'arti grafiche cartellone pubblicitario contributi di Autori Vari aSTORIA NAZIONALE DELL'EDITORIA eCodice materia Spics: 6609 aMirandola Giorgio gCodice Aut. SPICS: 19860